000 02502nab a2200289 a 4500
005 20260109063951.0
008 991125c2016 mx fr p 000 spa d
035 _aUPN01000219986
049 _aART
003
040 _aMX-MxUPN
_bspa
_cMX-MxUPN
_eaacr
100 1 _aAznavurian, Avedis
245 1 0 _aCiencia, democracia y cultura
520 3 _aDesde una perspectiva lineal, el problema es sencillo y se plantea con la siguiente pregunta: ¿están los ciudadanos en condiciones de incorporar el espíritu científico (el compromiso con el conocimiento, el régimen de objetividad, atender a lo que no es obvio, etc.) en sus deliberaciones públicas? ¿Es ello requisito necesario para la democracia? Sin embargo, al examinar las relaciones entre lo tangible (producción del conocimiento, publicación de documentos) y lo que se podría llamar intangible o no objetivo de acuerdo a los estándares admitidos (espíritu científico, valores etc.) la situación se hace compleja. En primer lugar, hay que considerar que un sistema para la ciencia y el conocimiento científico se da en un contexto social específico, como parte de una o varias culturas; en segundo lugar, que se rige por un conjunto de valores entre ciencia y sociedad, en ocasiones diferentes y hasta opuestos. Señalemos que lo que llamamos democracia tiene diversas connotaciones dependientes del tiempo y lugar desde donde la calificamos, y es discutible si los ciudadanos están o no calificados para decidir acerca de asuntos de la ciencia y el conocimiento, mismos que pueden ir desde los más sencillos y comprensibles, hasta problemas de alta complejidad muy especializados. Ello genera debates con gran ambigüedad, por ejemplo, el papel de la cultura (con lo que esto signifique) como moduladora o reguladora de las relaciones entre ciencia, democracia y valores.
_cLudus vitalis
530 _a Disponible también en formato electrónico
650 0 4 _aDemocracia
_96020
650 0 4 _aCiencia
_97469
650 0 4 _aCultura
_97095
650 0 4 _aInvestigación científica
_96034
650 0 7 _aTecnología
_2
_911976
773 _gVol. 24, no. 46, (2016), p. 151-154
_tLudus vitalis: revista de filosofía de las ciencias de la vida
_x1133-5165
856 4 _uhttps://www.centrolombardo.edu.mx/ludus-vitalis-busqueda-avanzada/entry/5745/
856 4 _uhttps://www.centrolombardo.edu.mx/wp-content/uploads/formidable/45/686-1394-2-PB.pdf
902 _aLeonor Sotres/171125
905 _aArticulo
942 _cAI
999 _c192085
_d192085